[Event "Liberec Region-chT 2223"]
[Site "Czech Republic"]
[Date "2022.11.13"]
[Round "3.1"]
[White "Habenicht, Martin"]
[Black "Pospisil, Jiri1111"]
[Result "1-0"]
[WhiteElo "1935"]
[BlackElo "1770"]
[PlyCount "61"]
[EventDate "2022.10.09"]
[EventType "team-tourn"]
[EventRounds "11"]
[EventCountry "CZE"]
[SourceTitle "EXT 2024"]
[Source "ChessBase"]
[SourceDate "2023.10.10"]
[SourceVersion "1"]
[SourceVersionDate "2023.10.10"]
[SourceQuality "1"]

1. Nf3 Nf6 2. c4 e6 3. g3 d5 4. Bg2 c5 5. 0-0 Nc6 6. d4 dxc4 7. Ne5 Nxe5 8. dxe5 Nd5 9. a4 Be7 10. Na3 b6 11. Nxc4 0-0 12. e4 Nb4 13. Qg4 Kh8 14. Rd1 Qc7 15. Nd6 Nc2 16. Rb1 Nd4 17. Be3 Bxd6 18. exd6 e5 19. Qxg7+ Kxg7 20. dxc7 Bg4 21. Bxd4 cxd4 22. Rd2 Rac8 23. Rc1 a5 24. f3 Be6 25. Bf1 Bb3 26. Bb5 Be6 27. f4 f6 28. f5 Ba2 29. Bd7 Bb3 30. Rd3 Bf7 31. Kf2 1-0

[Event "CZE-ch U16"]
[Site "Kouty nad Desnou"]
[Date "2020.03.07"]
[Round "1"]
[White "Habenicht, Martin"]
[Black "Frank, Adam"]
[Result "0-1"]
[WhiteElo "1970"]
[BlackElo "2196"]
[PlyCount "106"]
[EventDate "2020.03.07"]
[EventType "swiss"]
[EventRounds "7"]
[EventCountry "CZE"]
[SourceTitle "CBM 195 Extra"]
[Source "ChessBase"]
[SourceDate "2020.05.31"]
[SourceVersion "1"]
[SourceVersionDate "2020.05.31"]
[SourceQuality "1"]

1. d4 d6 2. Nf3 g6 3. g3 Bg7 4. Bg2 f5 5. c4 Nf6 6. Nc3 0-0 7. 0-0 c6 8. d5 cxd5 9. cxd5 Na6 10. Be3 Bd7 11. Rc1 h6 12. Bd4 g5 13. a4 Qa5 14. Qb3 Nc5 15. Bxc5 Qxc5 16. Ne4 Qa5 17. Nxf6+ Bxf6 18. Qxb7 Bxa4 19. b4 Qb6 20. Qxb6 axb6 21. Nd2 Bb5 22. Nc4 Bxc4 23. Rxc4 Ra2 24. e3 Rb2 25. Rfc1 Ra8 26. Rc8+ Rxc8 27. Rxc8+ Kf7 28. Bf1 Rxb4 29. Bd3 f4 30. exf4 gxf4 31. Kg2 Rd4 32. Bc2 Rd2 33. Be4 fxg3 34. hxg3 b5 35. Rc2 Rd4 36. f3 b4 37. Rc1 b3 38. Kf2 b2 39. Re1 Be5 40. Bb1 Rd2+ 41. Ke3 Rg2 42. g4 Rh2 43. Rd1 Kf6 44. f4 Bc3 45. Kd3 Bb4 46. Ke3 Ba5 47. Be4 Bb6+ 48. Kd3 Rf2 49. Rh1 Rxf4 50. Rxh6+ Kg5 51. Rg6+ Kh4 52. Rh6+ Kxg4 53. Rg6+ Kh5 0-1

[Event "Liberec op 20th"]
[Site "Liberec"]
[Date "2020.02.24"]
[Round "3"]
[White "Machacek, Jan"]
[Black "Habenicht, Martin"]
[Result "1-0"]
[WhiteElo "1621"]
[BlackElo "1966"]
[PlyCount "53"]
[EventDate "2020.02.22"]
[EventType "swiss"]
[EventRounds "9"]
[EventCountry "CZE"]
[SourceTitle "CBM 195 Extra"]
[Source "ChessBase"]
[SourceDate "2020.05.31"]
[SourceVersion "1"]
[SourceVersionDate "2020.05.31"]
[SourceQuality "1"]

1. d4 c5 2. d5 Nf6 3. c4 d6 4. Nc3 e5 5. e4 g6 6. Bd3 Bg7 7. f3 Nh5 8. Nge2 0-0 9. Be3 f5 10. exf5 gxf5 11. Qd2 Na6 12. 0-0-0 Nc7 13. Bg5 Qe8 14. Rhg1 b5 15. g4 fxg4 16. fxg4 Nf6 17. Bxf6 Rxf6 18. Ne4 Rg6 19. g5 bxc4 20. Nf6+ Bxf6 21. Bxg6 hxg6 22. gxf6 Bf5 23. Rdf1 Qd7 24. Rxf5 Qxf5 25. Qh6 Ne8 26. Rxg6+ Kf7 27. Rg7+ 1-0

[Event "Liberec op 20th"]
[Site "Liberec"]
[Date "2020.02.23"]
[Round "2"]
[White "Habenicht, Martin"]
[Black "Nomin Erdene, Davaademberel"]
[Result "0-1"]
[WhiteElo "1966"]
[BlackElo "2417"]
[PlyCount "80"]
[EventDate "2020.02.22"]
[EventType "swiss"]
[EventRounds "9"]
[EventCountry "CZE"]
[SourceTitle "CBM 195 Extra"]
[Source "ChessBase"]
[SourceDate "2020.05.31"]
[SourceVersion "1"]
[SourceVersionDate "2020.05.31"]
[SourceQuality "1"]

1. d4 f5 2. Nf3 Nf6 3. g3 g6 4. Bg2 Bg7 5. 0-0 0-0 6. c4 d6 7. Nc3 c6 8. Qc2 Na6 9. a3 Qe8 10. Re1 e5 11. dxe5 dxe5 12. e4 Nc5 13. Nd2 f4 14. gxf4 Nh5 15. fxe5 Nf4 16. Nf1 Nxg2 17. Kxg2 Bxe5 18. Be3 Ne6 19. Ng3 Qe7 20. Nce2 Qh4 21. Ng1 Nd4 22. Bxd4 Bxd4 23. Re2 Be6 24. Rd1 Be5 25. Rd3 Bg4 26. Re1 Rf7 27. f3 Be6 28. b3 Raf8 29. Qf2 g5 30. Qc5 Bf4 31. Re2 g4 32. fxg4 Bxg4 33. Ra2 Rf6 34. h3 Rh6 35. Nf1 Rg6 36. Kh1 Bc7 37. Nh2 Bb6 38. Qe5 Bxh3 39. c5 Rxg1+ 40. Kxg1 Qe1+ 0-1

[Event "Liberec op 19th"]
[Site "Liberec"]
[Date "2019.03.01"]
[Round "8"]
[White "Jeute, Peter"]
[Black "Habenicht, Martin"]
[Result "0-1"]
[WhiteElo "1928"]
[BlackElo "1626"]
[PlyCount "30"]
[EventDate "2019.02.23"]
[EventType "swiss"]
[EventRounds "9"]
[EventCountry "CZE"]
[SourceTitle "CBM 189 Extra"]
[Source "ChessBase"]
[SourceDate "2019.06.03"]
[SourceVersion "1"]
[SourceVersionDate "2019.06.03"]
[SourceQuality "1"]

1. d4 b5 2. Nf3 Bb7 3. e3 a6 4. Bd3 Nf6 5. Nbd2 d5 6. 0-0 e6 7. Re1 Be7 8. c3 0-0 9. Qc2 c5 10. dxc5 Bxc5 11. e4 Qb6 12. Rf1 Ng4 13. exd5 Bxf2+ 14. Rxf2 Qxf2+ 15. Kh1 Ne3 0-1